LIBRARY & INFORMATION CENTRE, KCAET, TAVANUR

ONLINE PUBLIC ACCESS CATALOGUE (OPAC)

Theory and application of statistics / (Record no. 10025)

MARC details
000 -LEADER
fixed length control field 00491cam a2200181ua 4500
020 ## - INTERNATIONAL STANDARD BOOK NUMBER
ISBN 0-07-557239-7
041 ## - LANGUAGE CODE
Language code of text/sound track or separate title eng
082 ## - DEWEY DECIMAL CLASSIFICATION NUMBER
Classification number 519.5
Item number WAM/TH
100 ## - MAIN ENTRY--AUTHOR NAME
Personal name Wampold, Bruce E.
245 ## - TITLE STATEMENT
Title Theory and application of statistics /
250 ## - EDITION STATEMENT
Edition statement 1 /
260 ## - PUBLICATION, DISTRIBUTION, ETC. (IMPRINT)
Place of publication New York :
Name of publisher McGraw Hill Book Company ,
Year of publication 1990.
300 ## - PHYSICAL DESCRIPTION
Number of Pages 511 ; .
700 1# - ADDED ENTRY--PERSONAL NAME
Personal name Drew, Clifford J .
942 ## - ADDED ENTRY ELEMENTS (KOHA)
Koha item type Books
Holdings
Withdrawn status Lost status Damaged status Home library Current library Date acquired Full call number Accession Number Koha item type
      KAUAET KAUAET 07/04/2012 519.5 WAM/TH 17747 Books
free website counter